000 00726nam a22002057a 4500
999 _c17343
_d17343
003 AR-CdUCM
008 190508b ||||| |||| 00| 0 spa d
040 _aMUNICIPALIDAD PROVINCIAL DEL CUSCO
_cBIBLIOTECA MUNICIPAL DEL CUSCO
082 _a341.8 /
_bB84
100 _aBielsa, Rafael
_937307
245 _aEl abogado y el jurista :
_bEsquema de política y civismo /
260 _aArgentina :
_bEl gráfico,
_c1961.
300 _a123 páginas ;
_c20 cm.
505 _aContenido : Advertencias preliminares -- La fraseología constitucional -- El sentido constitucional del jurista ...
650 _aDerecho
_9739
650 _aJuristas
_94914
650 _aAbogado
_98688
942 _2ddc
_cLIBROS
945 _arah
_d08/05/2019